<?xml version="1.0" encoding="UTF-8"?>
<record
    xmlns:xsi="http://www.w3.org/2001/XMLSchema-instance"
    xsi:schemaLocation="http://www.loc.gov/MARC21/slim http://www.loc.gov/standards/marcxml/schema/MARC21slim.xsd"
    xmlns="http://www.loc.gov/MARC21/slim">

  <leader>01684nam a22002417a 4500</leader>
  <datafield tag="999" ind1=" " ind2=" ">
    <subfield code="c">5428</subfield>
    <subfield code="d">5428</subfield>
  </datafield>
  <controlfield tag="003">OSt</controlfield>
  <controlfield tag="005">20250701122404.0</controlfield>
  <controlfield tag="008">180320b        xxu||||| |||| 00| 0 spa d</controlfield>
  <datafield tag="020" ind1=" " ind2=" ">
    <subfield code="a">9789874798619</subfield>
  </datafield>
  <datafield tag="040" ind1=" " ind2=" ">
    <subfield code="c">PJ</subfield>
  </datafield>
  <datafield tag="100" ind1=" " ind2=" ">
    <subfield code="9">3802</subfield>
    <subfield code="a">L&#xF6;ffler, Ernesto Adri&#xE1;n</subfield>
  </datafield>
  <datafield tag="245" ind1="1" ind2="0">
    <subfield code="a">Constituci&#xF3;n de la provincia de Tierra de Fuego, Ant&#xE1;rtida e Islas del Atl&#xE1;ntico Sur :</subfield>
    <subfield code="b">comentada, anotada y concordada en base a los debates . Tomo II  / </subfield>
    <subfield code="c">Doctor Ernesto Adri&#xE1;n Loffler, coordinador Magister Francisco Jos&#xE9; Cappellotti, colaboradoras Magister Mariana Sanch&#xE9;z Caparr&#xF3;s, Magister Paola Mangialavori y abogada Julieta Frick.</subfield>
  </datafield>
  <datafield tag="260" ind1=" " ind2=" ">
    <subfield code="a">Ushuaia :</subfield>
    <subfield code="b">La Lenga,</subfield>
    <subfield code="c">2023.</subfield>
  </datafield>
  <datafield tag="300" ind1=" " ind2=" ">
    <subfield code="a">556 p.</subfield>
    <subfield code="c">23 cm.</subfield>
  </datafield>
  <datafield tag="505" ind1=" " ind2=" ">
    <subfield code="a">PRIMERA PARTE
Declaraciones, Derechos ,Deberes Garant&#xED;as y Pol&#xED;ticas Espaciales.
Titulo I Declaraciones, Derechos Deberes y Garant&#xED;as.
SEGUNDA  PARTE
DERECHOS.
Capitulo I
1. Derechos Procesarles.
Capitulo II
1. Derechos  Sociales.
Capitulo III
1. Derechos Pol&#xED;ticos
Capitulo IV 
1. Asociaciones y Sociedades Intermedias.
TERCERA PARTE
1. Deberes 
Titulo  II
Pol&#xED;ticas Especiales del  Estado,.
Capitulo I
1. Previsi&#xF3;n y  Seguridad y Salud.
Capitulo II
1. Ecolog&#xED;a.
Capitulo III
1. Educaci&#xF3;n y Cultura.
Capitulo IV
1.R&#xE9;gimen Econ&#xF3;mico.
Capitulo V
1. Pol&#xED;tica de Recursos Naturales.</subfield>
  </datafield>
  <datafield tag="650" ind1=" " ind2="0">
    <subfield code="9">178</subfield>
    <subfield code="a">DERECHO CONSTITUCIONAL</subfield>
  </datafield>
  <datafield tag="650" ind1=" " ind2="0">
    <subfield code="9">3680</subfield>
    <subfield code="a">CONSTITUCION PROVINCIAL</subfield>
  </datafield>
  <datafield tag="651" ind1=" " ind2="0">
    <subfield code="9">2403</subfield>
    <subfield code="a">TIERRA DEL FUEGO</subfield>
  </datafield>
  <datafield tag="700" ind1=" " ind2=" ">
    <subfield code="9">3817</subfield>
    <subfield code="a">Cappellotti, Francisco Jos&#xE9;</subfield>
    <subfield code="e">coordinador</subfield>
  </datafield>
  <datafield tag="700" ind1=" " ind2=" ">
    <subfield code="9">5498</subfield>
    <subfield code="a">S&#xE1;nchez Caparr&#xF3;s, Mariana</subfield>
    <subfield code="e">colaboradora</subfield>
  </datafield>
  <datafield tag="700" ind1=" " ind2=" ">
    <subfield code="9">5965</subfield>
    <subfield code="a">Frick, Julieta</subfield>
    <subfield code="e">colaboradora</subfield>
  </datafield>
  <datafield tag="942" ind1=" " ind2=" ">
    <subfield code="2">udc</subfield>
    <subfield code="c">LIB</subfield>
    <subfield code="h">342.4(829.0)</subfield>
    <subfield code="i">CON</subfield>
  </datafield>
  <datafield tag="952" ind1=" " ind2=" ">
    <subfield code="0">0</subfield>
    <subfield code="1">0</subfield>
    <subfield code="2">udc</subfield>
    <subfield code="4">0</subfield>
    <subfield code="7">0</subfield>
    <subfield code="a">DJS</subfield>
    <subfield code="b">DJS</subfield>
    <subfield code="d">2025-07-01</subfield>
    <subfield code="l">2</subfield>
    <subfield code="p">6752</subfield>
    <subfield code="q">2026-02-09</subfield>
    <subfield code="r">2026-02-02</subfield>
    <subfield code="s">2026-02-02</subfield>
    <subfield code="w">2025-07-01</subfield>
    <subfield code="y">LIB</subfield>
  </datafield>
</record>
